000 00873cam a2200277 a 4500
003 SISC
005 20170126142549.0
008 100722s2011 nyuab b 001 0 eng
010 _a2010030320
020 _a9781259060526
040 _aDLC
_cDLC
_dDLC
042 _apcc
043 _an-us---
050 0 0 _aHF 5351
_b.F47 2014
100 1 _aFerrell, O. C.
245 1 0 _aBusiness :
_ba changing world /
_cO.C. Ferrell, Geoffrey A. Hirt, Linda Ferrell.
250 _a9th edition, McGraw-Hill international edition, International student edition.
260 _aNew York :
_bMcGraw-Hill,
_c2014.
300 _axxxiv, 616 pages :
_bcolor illustrations ;
_c26 cm.
440 0 _aMcGraw-Hill international editions.
650 0 _aBusiness.
650 0 _aManagement
_zUnited States.
700 1 _aHirt, Geoffrey A.
700 1 _aFerrell, Linda.
942 _2lcc
_cBK
_kFOR
999 _c288376
_d288376